QUEST Central Library Banner

Melting and Mixing of Alloying Agents in Steel Melts: Methods of Mathematical Modelling (Record no. 7298)

MARC details
000 -LEADER
fixed length control field 00428nam a2200121 4500
082 ## - DEWEY DECIMAL CLASSIFICATION NUMBER
Classification number 672ZHA
100 ## - MAIN ENTRY--AUTHOR NAME
Personal name Zhang, Liuyi
245 ## - TITLE STATEMENT
Title Melting and Mixing of Alloying Agents in Steel Melts: Methods of Mathematical Modelling
260 ## - PUBLICATION, DISTRIBUTION, ETC. (IMPRINT)
Place of publication Germani:
Name of publisher STAHL EISEEN,
Year of publication 1999.
300 ## - PHYSICAL DESCRIPTION
Number of Pages 110p. ;
856 ## - ELECTRONIC LOCATION AND ACCESS
Uniform Resource Identifier http://books.google.com.pk/books/about/Melting_and_Mixing_of_Alloying_Agents_in.html?id=A1atPQAACAAJ&redir_esc=y
942 ## - ADDED ENTRY ELEMENTS (KOHA)
Koha item type Books
Holdings
Withdrawn status Lost status Collection code Home library Current library Date acquired Full call number Accession Number Koha item type
    Reference Reference Section Reference Section 19/06/2014 672ZHA(Shelf - 92A) 25654 Books

Copyright © 2018,The QUEST, Nawabshah, Shaheed Benazirabad. All rights reserved
Mr. G. Farooq Channar (Librarian) QUEST, Nawabshah, Sindh, Pakistan 67480.
 Ph#: |   0244-9370381-4 Ext. 2308   Email| lib@quest.edu.pk   Web|  http://www.quest.edu.pk